000 01472nam a2200397 i 4500
001 ELB171996
003 FINmELB
005 20250326043916.0
006 m o u
007 cr cn|||||||||
008 210331s2020 ec o 000 0 spa d
020 _a9789942064905
_q(e-book)
035 _a(OCoLC)1246315048
040 _aFINmELB
_bspa
_erda
_cFINmELB
050 1 4 _aKHK2921
_bA655 2020
080 _a342(866)
082 0 4 _a342.866
_223
245 0 0 _aApuntes constitucionales /
_cGlenda Anabel Granda Torres [y otros 6].
264 1 _aQuito :
_bCorporación de Estudios y Publicaciones,
_c2020.
300 _a1 recurso en línea (116 páginas)
336 _atexto
_btxt
_2rdamedia/spa
337 _acomputadora
_bc
_2rdamedia/spa
338 _arecurso en línea
_bcr
_2rdacarrier/spa
588 _aDescripción basada en metadatos suministrados por el editor y otras fuentes.
590 _aRecurso electrónico. Santa Fe, Arg.: elibro, 2021. Disponible vía World Wide Web. El acceso puede estar limitado para las bibliotecas afiliadas a elibro.
610 2 0 _aEcuador.
_tConstitución.
650 0 _aConstitutional law
_zEcuador.
650 4 _aDerecho constitucional.
655 4 _aLibros electrónicos.
700 1 _aGranda Torres, Glenda Anabel,
_eautor.
797 2 _aelibro, Corp.
856 4 0 _uhttps://elibro.net/ereader/usam/171996
999 _c154968
_d154968